000 00608nam a2200241Ia 4500
003 OSt
005 20220918212257.0
006 a|||||r|||| 00| 0
007 ta
008 220917b |||||||| |||| 00| 0 eng d
024 _a128,175
037 _cTextual
040 _aARTS
_cARTS
_beng
041 _2eng
_aeng
082 _aX.2.N, M1
100 _aThorner Daniel
_9123253
245 0 _aShaping of modern India
260 _aNew Delhi
_bAllied
_c1980
300 _a404p.
_ccm.
650 _aECONOMICS
942 _hX.2.N, M1
_cTEXL
_2CC
999 _c251313
_d251313